Electronic Communications (Record no. 57976)

MARC details
000 -LEADER
fixed length control field 00453pam a2200157 a 4500
020 ## - INTERNATIONAL STANDARD BOOK NUMBER
International Standard Book Number 9788177585582
Terms of availability
041 ## - LANGUAGE CODE
Language code of text/sound track or separate title eng
082 ## - DEWEY DECIMAL CLASSIFICATION NUMBER
Classification number 621.382
Item number ROD/COO
100 ## - MAIN ENTRY--PERSONAL NAME
Personal name Roddy D,
Relator term Author.
245 ## - TITLE STATEMENT
Title Electronic Communications
Medium Textual Documents
250 ## - EDITION STATEMENT
Edition statement 4 th ed .
260 ## - PUBLICATION, DISTRIBUTION, ETC.
Place of publication, distribution, etc. New Delhi
Name of publisher, distributor, etc. Dorling Kindersley (India) Pvt.Ltd. Licensees of Pearson Education
Date of publication, distribution, etc. 2011
300 ## - PHYSICAL DESCRIPTION
Extent 723:
Other physical details xi;
Dimensions 23*17.
700 ## - ADDED ENTRY--PERSONAL NAME
Personal name Coolen J,
Relator term Author.
930 ## - EQUIVALENCE OR CROSS-REFERENCE-UNIFORM TITLE HEADING [LOCAL, CANADA]
Uniform title 14754
Holdings
Withdrawn status Lost status Damaged status Not for loan Collection Home library Current library Shelving location Date acquired Source of acquisition Cost, normal purchase price Total Checkouts Full call number Barcode Date last seen Copy number Price effective from Koha item type Date last checked out
        EWP College of Engineering for Women, Pune College of Engineering for Women, Pune WE 19/10/2012 Bharati Madhyavarti Sahakari Grahak Bhandar Ltd., 585.00   621.382 ROD/COO EWP-15612 24/02/2023 5 24/02/2023 Book  
        EWP College of Engineering for Women, Pune College of Engineering for Women, Pune WE 19/10/2012 Bharati Madhyavarti Sahakari Grahak Bhandar Ltd., 585.00   621.382 ROD/COO EWP-15611 24/02/2023 4 24/02/2023 Book  
        EWP College of Engineering for Women, Pune College of Engineering for Women, Pune WE 19/10/2012 Bharati Madhyavarti Sahakari Grahak Bhandar Ltd., 585.00 1 621.382 ROD/COO EWP-15610 13/04/2026 3 24/02/2023 Book 13/04/2026
        EWP College of Engineering for Women, Pune College of Engineering for Women, Pune WE 19/10/2012 Bharati Madhyavarti Sahakari Grahak Bhandar Ltd., 585.00   621.382 ROD/COO EWP-15609 24/02/2023 2 24/02/2023 Book  
        EWP College of Engineering for Women, Pune College of Engineering for Women, Pune WE 19/10/2012 Bharati Madhyavarti Sahakari Grahak Bhandar Ltd., 585.00   621.382 ROD/COO EWP-15608 24/02/2023 1 24/02/2023 Book